000 00615nam a2200193Ia 4500
008 220216s9999 xx 000 0 und d
100 _aMathew S
245 0 _aEffect of compounding characteristics on heat sensitization of PVME blended natural rubber latex compound
260 _bInternational Journal of Innovative Research & Development
_c2015
300 _a232-239
650 _aAdsorption
650 _aCloud poin temperature
650 _aHeat-sensitization
650 _aNon-ionic stabilizer
650 _aPolyvinyl methyl ether
700 _aVarghese S
856 _uCopy of article
942 _cJS
999 _c57756
_d57756